[Event "OPEN D'AUBAGNE"]
[Site "SALLE LAKANAL AUBAGNE"]
[Date "2019.09.02"]
[Round "7.1"]
[White "Rivollier, Frederic"]
[Black "Ganier, Philippe"]
[Result "0-1"]
[WhiteElo "1458"]
[BlackElo "1571"]
[PlyCount "100"]
[EventDate "2019.??.??"]
[WhiteTeam "Cercle d'Echecs Aubagnais"]
[BlackTeam "La Ciotat Echecs (LCE)"]

1. e4 d6 2. d4 Nd7 3. Nf3 g6 4. c3 Bg7 5. Bb5 c6 6. Bd3 Ngf6 7. O-O O-O 8. h3
Qc7 9. Bg5 c5 10. Re1 h6 11. Bxf6 Bxf6 12. d5 c4 13. Bf1 b5 14. Nd4 a6 15. Na3
Bb7 16. Nac2 Rfe8 17. Qd2 Kh7 18. Kh1 Bg7 19. a4 Qb6 20. f4 Nc5 21. axb5 axb5
22. Nb4 Bxd4 23. Rxa8 Bxc3 24. Qxc3 Bxa8 25. Qc2 Qa5 26. Qc3 Na4 27. Qa3 Qb6
28. Re2 Nc5 29. Qe3 e6 30. Qd4 Qc7 31. g3 Nb3 32. Qf2 Nc5 33. Bg2 Qa5 34. Qe1
exd5 35. Nxd5 Qxe1+ 36. Rxe1 Bxd5 37. e5 Bxg2+ 38. Kxg2 dxe5 39. fxe5 Nd3 40.
Rf1 Kg7 41. Rb1 Rxe5 42. b3 Re2+ 43. Kf3 Rb2 44. Rxb2 Nxb2 45. bxc4 Nxc4 46.
Ke4 Kf6 47. Kd4 Nd6 48. g4 Ke6 49. h4 f5 50. gxf5+ Nxf5+ 0-1

[Event "OPEN D'AUBAGNE"]
[Site "SALLE LAKANAL AUBAGNE"]
[Date "2019.09.02"]
[Round "7.2"]
[White "Cescon, Moreno"]
[Black "Jamme, Jean-Pierre"]
[Result "0-1"]
[WhiteElo "1691"]
[BlackElo "1891"]
[PlyCount "98"]
[EventDate "2019.??.??"]
[WhiteTeam "Cercle d'Echecs Aubagnais"]
[BlackTeam "Cercle d'Echecs Aubagnais"]

1. e4 e5 2. Nf3 Nc6 3. d4 exd4 4. Nxd4 Bc5 5. Be3 Qf6 6. Nxc6 Bxe3 7. fxe3 Qh4+
8. g3 Qxe4 9. Qd4 Qxc6 10. Qxg7 Qf6 11. Qxf6 Nxf6 12. Nc3 c6 13. O-O-O O-O 14.
Bd3 Ng4 15. Rdf1 d5 16. e4 d4 17. Ne2 c5 18. Nf4 Ne3 19. Rf2 Ng4 20. Rd2 Ne5
21. Be2 a6 22. Rf1 b6 23. Nd5 b5 24. Rf4 Be6 25. Nf6+ Kg7 26. Nh5+ Kh8 27. Rh4
Ng6 28. Rf4 Nxf4 29. Nxf4 Rad8 30. h4 Bc8 31. g4 Rde8 32. Bf3 f5 33. exf5 Bxf5
34. gxf5 Rxf5 35. Bc6 Re1+ 36. Rd1 Rxd1+ 37. Kxd1 Rxf4 38. Bb7 a5 39. Ba6 b4
40. Kd2 Rxh4 41. Kd3 Rh2 42. Bb5 h5 43. Ba4 Rg2 44. Kc4 h4 45. Kxc5 h3 46. Kxd4
h2 47. Bc6 h1=Q 48. Bxg2 Qxg2 49. Kd3 Qd5+ 0-1

[Event "OPEN D'AUBAGNE"]
[Site "SALLE LAKANAL AUBAGNE"]
[Date "2019.09.02"]
[Round "7.4"]
[White "Gamblin, Vincent"]
[Black "Gomez, Guy"]
[Result "1/2-1/2"]
[WhiteElo "1406"]
[BlackElo "1559"]
[PlyCount "52"]
[EventDate "2019.??.??"]
[WhiteTeam "L'Echiquier du Roy René"]
[BlackTeam "Cercle d'Echecs Aubagnais"]

1. e4 e6 2. d4 d5 3. exd5 Qxd5 4. Nc3 Qd8 5. Nf3 Nf6 6. Bd3 Nc6 7. Be3 Bb4 8.
a3 Bxc3+ 9. bxc3 Qd6 10. O-O O-O 11. Qd2 e5 12. dxe5 Nxe5 13. Nxe5 Qxe5 14. Bf4
Qc5 15. Be3 Qc6 16. f3 Be6 17. Bd4 Bd5 18. Qg5 h6 19. Qf5 Be6 20. Qf4 Nd5 21.
Qg3 f6 22. Qg6 Rfd8 23. Qh7+ Kf8 24. Qe4 Ne7 25. Rfe1 Qxe4 26. Bxe4 c6 1/2-1/2

[Event "OPEN D'AUBAGNE"]
[Site "SALLE LAKANAL AUBAGNE"]
[Date "2019.09.02"]
[Round "7.5"]
[White "Pouyet, Alain"]
[Black "Lai, Bjorn"]
[Result "1-0"]
[WhiteElo "1550"]
[BlackElo "1362"]
[PlyCount "67"]
[EventDate "2019.??.??"]
[WhiteTeam "Club Provence Echecs"]
[BlackTeam "Club Provence Echecs"]

1. e4 e5 2. Nf3 Nc6 3. Bc4 Nf6 4. Ng5 d5 5. exd5 Na5 6. Bb5+ c6 7. dxc6 bxc6 8.
Be2 h6 9. Nf3 e4 10. Ne5 Bd6 11. d4 exd3 12. Nxd3 Qc7 13. h3 O-O 14. O-O Be6
15. b3 Nb7 16. Bb2 Ne4 17. Nd2 Nxd2 18. Qxd2 Rad8 19. Qc3 f6 20. Bf3 Bd7 21.
Rfe1 Rde8 22. Bh5 Rxe1+ 23. Rxe1 Nd8 24. Qd4 Ne6 25. Qc4 Qc8 26. Bc1 Kh8 27.
Bg6 Ng5 28. Bf4 Bxf4 29. Nxf4 Bf5 30. Kh2 Rd8 31. h4 Nh7 32. Re7 Rd7 33. Re8+
Qxe8 34. Bxe8 1-0

[Event "OPEN D'AUBAGNE"]
[Site "SALLE LAKANAL AUBAGNE"]
[Date "2019.09.02"]
[Round "7.6"]
[White "Bedhouche, Rayan"]
[Black "Tramarin, Matteo"]
[Result "0-1"]
[WhiteElo "1460"]
[BlackElo "1473"]
[PlyCount "74"]
[EventDate "2019.??.??"]
[WhiteTeam "L'Echiquier du Roy René"]
[BlackTeam "La Ciotat Echecs (LCE)"]

1. e4 Nf6 2. e5 Nd5 3. d4 d6 4. c4 Nb6 5. Nf3 Bg4 6. exd6 cxd6 7. Be2 Nc6 8. b3
g6 9. Bb2 Bg7 10. O-O O-O 11. Qd2 Nd7 12. d5 Bxb2 13. Qxb2 Bxf3 14. Bxf3 Nce5
15. Be2 Nc5 16. f4 Ned7 17. Rf3 Qb6 18. Kh1 Ne4 19. Bd3 Nef6 20. f5 Ne5 21. Nd2
Nxf3 22. Nxf3 Ng4 23. Rf1 Qe3 24. Qd2 Rae8 25. fxg6 Qh6 26. gxh7+ Kg7 27. Qc3+
f6 28. h3 Qh5 29. Qd4 Ne5 30. Nxe5 fxe5 31. h8=Q+ Kxh8 32. Rxf8+ Rxf8 33. Qe4
Rf4 34. Qe3 b6 35. Kh2 Kg7 36. g4 Qh4 37. Qg3 Rf2+ 0-1

[Event "OPEN D'AUBAGNE"]
[Site "SALLE LAKANAL AUBAGNE"]
[Date "2019.09.02"]
[Round "7.7"]
[White "Delaplace, Mathias"]
[Black "Madi, Chahinez"]
[Result "1-0"]
[WhiteElo "1338"]
[BlackElo "1335"]
[PlyCount "99"]
[EventDate "2019.??.??"]
[WhiteTeam "Marseille-Echecs"]
[BlackTeam "Cercle d'Echecs Aubagnais"]

1. e4 c5 2. Nf3 Nc6 3. d4 cxd4 4. Nxd4 Nf6 5. Nc3 g6 6. Be3 Bg7 7. f3 O-O 8.
Qd2 Nxd4 9. Bxd4 e6 10. Bc4 b6 11. e5 Ne8 12. O-O-O Qc7 13. Qe2 Bb7 14. h4 Rc8
15. Bd3 d6 16. Nb5 Qd7 17. Nxa7 Ra8 18. Bxb6 Bxe5 19. Bc4 Bc6 20. Nxc6 Qxc6 21.
Bd4 Bf4+ 22. Kb1 e5 23. Bc3 Nf6 24. Bd2 Bxd2 25. Rxd2 Rfc8 26. Bb3 Qa6 27. Qxa6
Rxa6 28. Rhd1 Rd8 29. c4 e4 30. fxe4 Nxe4 31. Rd4 Nc5 32. Rd5 Nxb3 33. axb3 Rb6
34. Kc2 Kf8 35. c5 Rc6 36. b4 Ke7 37. Rxd6 Rcxd6 38. Rxd6 Rxd6 39. cxd6+ Kxd6
40. Kc3 Kc6 41. Kc4 f5 42. Kd4 Kd6 43. b5 h6 44. g3 g5 45. h5 f4 46. gxf4 g4
47. Ke3 Kc5 48. f5 Kxb5 49. f6 Kc6 50. f7 1-0

[Event "OPEN D'AUBAGNE"]
[Site "SALLE LAKANAL AUBAGNE"]
[Date "2019.09.02"]
[Round "7.8"]
[White "Blanc, Michel"]
[Black "Bonavia, Mathis"]
[Result "1-0"]
[WhiteElo "1486"]
[BlackElo "1405"]
[PlyCount "93"]
[EventDate "2019.??.??"]
[WhiteTeam "Cercle d'Echecs Aubagnais"]
[BlackTeam "La Ciotat Echecs (LCE)"]

1. Nf3 Nf6 2. d4 d5 3. Bf4 e6 4. e3 Bd6 5. Bg3 c6 6. Nbd2 Bxg3 7. hxg3 Nbd7 8.
c3 Qc7 9. Bd3 e5 10. dxe5 Nxe5 11. Nxe5 Qxe5 12. Nf3 Qe7 13. Qc2 Ne4 14. Bxe4
Qxe4 15. Qxe4+ dxe4 16. Nd2 Bf5 17. O-O-O O-O-O 18. Nb1 Rd3 19. Rxd3 exd3 20.
Nd2 Rd8 21. Rh4 Kc7 22. Rd4 Rxd4 23. cxd4 Kd6 24. Nc4+ Kd5 25. Ne5 f6 26. Nf3
b6 27. b3 c5 28. dxc5 bxc5 29. Kd2 c4 30. bxc4+ Kxc4 31. Ne1 a5 32. f3 Bg6 33.
g4 h6 34. e4 Bf7 35. Nxd3 Kb5 36. Nc1 Kb4 37. Kc2 Ka3 38. Kb1 g5 39. Ka1 Bc4
40. g3 a4 41. f4 Kb4 42. Kb2 Bxa2 43. Nxa2+ Kc4 44. Nc3 a3+ 45. Kxa3 Kd4 46.
Kb4 gxf4 47. gxf4 1-0

[Event "OPEN D'AUBAGNE"]
[Site "SALLE LAKANAL AUBAGNE"]
[Date "2019.09.02"]
[Round "7.9"]
[White "Periale, Albert"]
[Black "Correges, Philippe"]
[Result "0-1"]
[WhiteElo "1228"]
[BlackElo "1406"]
[PlyCount "66"]
[EventDate "2019.??.??"]
[WhiteTeam "Cercle d'Echecs Aubagnais"]
[BlackTeam "Cercle d'Echecs Aubagnais"]

1. d4 f5 2. Nf3 Nf6 3. c4 g6 4. Nc3 Bg7 5. e3 O-O 6. b3 d6 7. Bb2 c6 8. Bd3 Qe8
9. O-O e5 10. dxe5 dxe5 11. e4 f4 12. Ne2 Nh5 13. h3 Qe7 14. Kh1 c5 15. Nc3 Nc6
16. Nd5 Qd8 17. Qe2 Be6 18. Rad1 Nd4 19. Bxd4 cxd4 20. Rc1 Qd7 21. Ng5 f3 22.
gxf3 Bxh3 23. Rg1 h6 24. Kh2 hxg5 25. Rxg5 Nf4 26. Nxf4 Rxf4 27. Rxg6 Rh4 28.
Kg3 Rh7 29. Rh1 Kf7 30. Rg5 Bf6 31. Rg4 Rah8 32. f4 Bxg4 33. Qxg4 Rg7 0-1

[Event "OPEN D'AUBAGNE"]
[Site "SALLE LAKANAL AUBAGNE"]
[Date "2019.09.02"]
[Round "7.11"]
[White "Marchis Mouren, Emma"]
[Black "Cotton, Paul"]
[Result "1-0"]
[WhiteElo "1298"]
[BlackElo "1402"]
[PlyCount "69"]
[EventDate "2019.??.??"]
[WhiteTeam "Cassis Echecs"]
[BlackTeam "Cercle d'Echecs Aubagnais"]

1. d4 Nf6 2. c4 g6 3. Nf3 Bg7 4. g3 d6 5. Bg2 O-O 6. O-O Nbd7 7. Nc3 a6 8. e4
c5 9. a4 Rb8 10. Re1 b6 11. e5 dxe5 12. dxe5 Ng4 13. Bf4 e6 14. h3 Nh6 15. Qd2
Nf5 16. Rad1 h6 17. h4 Kh7 18. Ne4 Qe7 19. Nf6+ Kh8 20. g4 Bxf6 21. exf6 Qxf6
22. Bxb8 Nxh4 23. Qxh6+ Kg8 24. Qxh4 Qxh4 25. Nxh4 Nxb8 26. Rd6 Kg7 27. Red1 e5
28. f3 Be6 29. Rd8 Nc6 30. Rxf8 Kxf8 31. Rd6 Nd4 32. Bf1 g5 33. Nf5 Nxf3+ 34.
Kf2 Nh2 35. Rd8# 1-0

[Event "OPEN D'AUBAGNE"]
[Site "SALLE LAKANAL AUBAGNE"]
[Date "2019.09.02"]
[Round "7.12"]
[White "Desjardins, Rene"]
[Black "Roux, Jean-Marie"]
[Result "0-1"]
[WhiteElo "1384"]
[BlackElo "1263"]
[PlyCount "88"]
[EventDate "2019.??.??"]
[WhiteTeam "Cercle d'Echecs Aubagnais"]
[BlackTeam "L'Echiquier du Roy René"]

1. e4 e5 2. Nf3 Nc6 3. Bc4 Be7 4. d3 Nf6 5. Nc3 O-O 6. Bg5 d6 7. Qd2 a6 8. h3
Be6 9. Bxe6 fxe6 10. a3 d5 11. exd5 exd5 12. O-O-O b5 13. Qe2 Qd6 14. Kd2 Rab8
15. Ke1 Rbe8 16. Kf1 Nd7 17. Bxe7 Nxe7 18. b4 Ng6 19. g3 c6 20. h4 Nf6 21. h5
Nh8 22. h6 g6 23. Ng5 Qd7 24. Rh4 Qf5 25. Nf3 Ng4 26. Kg2 Nf7 27. Rdh1 e4 28.
dxe4 dxe4 29. Nd4 Qe5 30. Rxg4 Qxd4 31. Nxe4 Nd6 32. Rhh4 Qd5 33. f3 Qe5 34.
Qd3 Nf5 35. Rh3 Rd8 36. Qb3+ Kh8 37. Rh2 Nd4 38. Rf4 Nxb3 39. Rxf8+ Rxf8 40.
cxb3 Qb2+ 41. Kh3 Qxb3 42. f4 Qe6+ 43. Kh4 Qxe4 44. Kg4 Qd3 0-1

[Event "OPEN D'AUBAGNE"]
[Site "SALLE LAKANAL AUBAGNE"]
[Date "2019.09.02"]
[Round "7.13"]
[White "Rescanieres, Alice"]
[Black "Hassaine, Rachid"]
[Result "0-1"]
[WhiteElo "1196"]
[BlackElo "1357"]
[PlyCount "46"]
[EventDate "2019.??.??"]
[WhiteTeam "La Ciotat Echecs (LCE)"]
[BlackTeam "Cercle d'Echecs Aubagnais"]

1. Nf3 Nc6 2. c4 e5 3. b3 e4 4. Ng1 f5 5. Bb2 d5 6. e3 Nf6 7. Nc3 a6 8. d3 d4
9. exd4 Nxd4 10. dxe4 fxe4 11. Nxe4 Bb4+ 12. Nd2 O-O 13. Ne2 Nxe2 14. Bxe2 Ne4
15. Bc1 Nxf2 16. Qc2 Nxh1 17. Bf3 Qd4 18. Bb2 Qe3+ 19. Kd1 Bf5 20. Bd5+ Kh8 21.
Bxg7+ Kxg7 22. Qb2+ Bc3 23. Nf1 Qe1# 0-1

[Event "OPEN D'AUBAGNE"]
[Site "SALLE LAKANAL AUBAGNE"]
[Date "2019.09.02"]
[Round "7.14"]
[White "Tramarin, Esteban"]
[Black "Cureau, Dominique"]
[Result "0-1"]
[WhiteElo "1174"]
[BlackElo "1348"]
[PlyCount "97"]
[EventDate "2019.??.??"]
[WhiteTeam "La Ciotat Echecs (LCE)"]
[BlackTeam "Echiquier Marseillais 1872"]

1. c4 e5 2. Nc3 Nf6 3. g3 c6 4. Bg2 d5 5. cxd5 cxd5 6. d4 e4 7. e3 Be7 8. Nge2
O-O 9. O-O Bd7 10. Nf4 Bc6 11. f3 exf3 12. Qxf3 Na6 13. Ncxd5 Nxd5 14. Nxd5 Kh8
15. e4 Nb4 16. Nxb4 Bxb4 17. a3 Ba5 18. d5 Bb5 19. Rd1 Bb6+ 20. Kh1 f6 21. Bf1
Bd7 22. Bd3 Qc8 23. Be3 Bg4 24. Qf4 Bxe3 25. Qxe3 Bxd1 26. Rxd1 Re8 27. Qf3 Re5
28. Qe3 a6 29. Rc1 Qd7 30. Qc5 Rae8 31. b4 f5 32. Rc4 fxe4 33. Rxe4 Rxe4 34.
Bxe4 Qe7 35. Kg2 Qxe4+ 36. Kh3 Qf5+ 37. g4 Qf3+ 38. Kh4 Qf6+ 39. Kh3 g5 40. Qg1
Qf3+ 41. Qg3 Qxg3+ 42. Kxg3 Rd8 43. h4 gxh4+ 44. Kxh4 Rxd5 45. a4 Kg7 46. b5
axb5 47. axb5 Rxb5 48. g5 Kg6 49. Kg4 0-1

[Event "OPEN D'AUBAGNE"]
[Site "SALLE LAKANAL AUBAGNE"]
[Date "2019.09.02"]
[Round "7.15"]
[White "Roche, Alain"]
[Black "Madi, Mohammed"]
[Result "1-0"]
[WhiteElo "1321"]
[BlackElo "1111"]
[PlyCount "26"]
[EventDate "2019.??.??"]
[WhiteTeam "Echiquier Marseillais 1872"]
[BlackTeam "Cercle d'Echecs Aubagnais"]

1. e4 c5 2. Nf3 Nf6 3. e5 Nd5 4. c4 Nb6 5. Nc3 Nc6 6. d3 Qc7 7. Bf4 d6 8. exd6
exd6 9. Be2 Be6 10. O-O h6 11. Nb5 Qd7 12. d4 cxd4 13. Nfxd4 Nxc4 1-0

[Event "OPEN D'AUBAGNE"]
[Site "SALLE LAKANAL AUBAGNE"]
[Date "2019.09.02"]
[Round "7.16"]
[White "Turpin, Isabelle"]
[Black "Ghazarian, David"]
[Result "0-1"]
[WhiteElo "1181"]
[BlackElo "1550"]
[PlyCount "94"]
[EventDate "2019.??.??"]
[WhiteTeam "Cercle d'Echecs Aubagnais"]
[BlackTeam "Cercle d'Echecs Aubagnais"]

1. c4 d5 2. e3 Nf6 3. Nc3 Bf5 4. Be2 e6 5. Nf3 Bb4 6. Qa4+ Nc6 7. Ne5 Bxc3 8.
dxc3 Qd6 9. f4 O-O 10. Bd2 Nxe5 11. fxe5 Qxe5 12. O-O Ng4 13. Rf4 Nxe3 14. cxd5
Nxd5 15. Rh4 Qxe2 16. Qd4 Qd3 17. Qf2 Rad8 18. Rd1 Ne3 19. Re1 Ng4 20. Qf4 Qxd2
21. Qxd2 Rxd2 22. h3 Nf6 23. g4 g5 24. Rh6 Kg7 25. Rxf6 Kxf6 26. gxf5 Kxf5 27.
Rf1+ Ke4 28. Re1+ Kf3 29. Rf1+ Kg3 30. Re1 Rfd8 31. Re3+ Kf4 32. Re1 Rd1 33.
Kf2 Rxe1 34. Kxe1 Ke3 35. b4 Rd2 36. a4 Rh2 37. Kd1 Kd3 38. Ke1 Kxc3 39. Kf1
Kxb4 40. Kg1 Ra2 41. a5 a6 42. Kf1 Kc3 43. Kg1 Kd3 44. Kf1 Ke3 45. Kg1 Kf3 46.
h4 g4 47. Kh1 Kg3 0-1

[Event "OPEN D'AUBAGNE"]
[Site "SALLE LAKANAL AUBAGNE"]
[Date "2019.09.02"]
[Round "7.17"]
[White "Madi, Walid"]
[Black "Hunault, Francis"]
[Result "1-0"]
[WhiteElo "1006"]
[BlackElo "1412"]
[PlyCount "68"]
[EventDate "2019.??.??"]
[WhiteTeam "Cercle d'Echecs Aubagnais"]
[BlackTeam "Cercle d'Echecs Aubagnais"]

1. d4 Nf6 2. c4 e6 3. Nc3 d5 4. e3 Nbd7 5. c5 c6 6. Bd2 e5 7. b4 Be7 8. Nf3 e4
9. Ng1 Nf8 10. Nge2 Bg4 11. h3 Bh5 12. Qc2 Bg6 13. a4 Ne6 14. Nc1 O-O 15. Nb3
b6 16. Na2 Qc7 17. Rc1 Nd8 18. b5 bxc5 19. dxc5 Nb7 20. Nb4 cxb5 21. axb5 Rac8
22. Na6 Qd8 23. c6 Ba3 24. Ra1 Qe7 25. Qa2 Bd6 26. cxb7 Qxb7 27. Nb4 Bxb4 28.
Bxb4 Rfe8 29. Qxa7 Qxa7 30. Rxa7 Bf5 31. b6 Red8 32. Bb5 Rb8 33. b7 h6 34. Be7
Rd7 1-0

[Event "OPEN D'AUBAGNE"]
[Site "SALLE LAKANAL AUBAGNE"]
[Date "2019.09.02"]
[Round "7.18"]
[White "Cavanihac, Claude"]
[Black "Autouard, Jean-Luc"]
[Result "0-1"]
[WhiteElo "1371"]
[BlackElo "1239"]
[PlyCount "103"]
[EventDate "2019.??.??"]
[WhiteTeam "Cercle d'Echecs Aubagnais"]
[BlackTeam "Cercle d'Echecs Aubagnais"]

1. d4 f5 2. c4 e6 3. Nc3 Be7 4. e4 Nf6 5. e5 Ng8 6. Bd3 Bb4 7. Nge2 Ne7 8. Bg5
O-O 9. a3 Bxc3+ 10. Nxc3 Qe8 11. O-O a6 12. Qc2 Nbc6 13. d5 Nxe5 14. dxe6 dxe6
15. Rfe1 N7c6 16. Ne2 Qg6 17. Bf4 Nf3+ 18. Kh1 Nxe1 19. Rxe1 e5 20. Bxe5 Nxe5
21. Nf4 Qd6 22. c5 Qd4 23. Qc3 Qxc3 24. bxc3 Nxd3 25. Nxd3 Bd7 26. f4 Rae8 27.
Ne5 Bc6 28. Kg1 Be4 29. Kf2 Rd8 30. Re2 c6 31. h3 h5 32. g4 hxg4 33. hxg4 Bd5
34. g5 Bf7 35. Kg3 g6 36. Rb2 Rd5 37. Rxb7 Rxc5 38. c4 Be8 39. Rb3 Ra5 40. Kf2
c5 41. Rd3 Ra4 42. Ke2 Kg7 43. Kd2 Rh8 44. Kc2 Bf7 45. Kb3 Ra5 46. Kb2 Rb8+ 47.
Kc2 Ra4 48. Nc6 Rxc4+ 49. Kd2 Rb2+ 50. Ke3 Rd4 51. Rxd4 cxd4+ 52. Kxd4 0-1

[Event "OPEN D'AUBAGNE"]
[Site "SALLE LAKANAL AUBAGNE"]
[Date "2019.09.02"]
[Round "7.19"]
[White "Strate, Francois"]
[Black "Tramarin, Lucas"]
[Result "1/2-1/2"]
[WhiteElo "1314"]
[BlackElo "1149"]
[PlyCount "68"]
[EventDate "2019.??.??"]
[WhiteTeam "Sanary Echecs"]
[BlackTeam "La Ciotat Echecs (LCE)"]

1. d4 Nf6 2. c4 d6 3. Nc3 g6 4. e4 Bg7 5. Nf3 Bg4 6. Be2 Bxf3 7. Bxf3 Nbd7 8.
Be3 O-O 9. O-O e5 10. d5 b6 11. b4 Rb8 12. a4 a5 13. bxa5 bxa5 14. Nb5 Rb7 15.
Qd2 Qe7 16. Qxa5 Rc8 17. Qd2 Rd8 18. a5 Nc5 19. Bxc5 dxc5 20. Qc2 Ra8 21. Rfd1
Ne8 22. Rdb1 Ra6 23. Bg4 Rb8 24. Ra3 Rba8 25. Qd2 Qd8 26. Rd1 Bf8 27. Rda1 Nd6
28. Nxd6 cxd6 29. Rb3 Rxa5 30. Rxa5 Rxa5 31. Qb2 Qa8 32. g3 Ra2 33. Qc3 Qa5 34.
Qxa5 Rxa5 1/2-1/2

[Event "OPEN D'AUBAGNE"]
[Site "SALLE LAKANAL AUBAGNE"]
[Date "2019.09.02"]
[Round "7.20"]
[White "Le Roux, Yves"]
[Black "Normand, Christophe"]
[Result "1-0"]
[WhiteElo "1145"]
[BlackElo "1283"]
[PlyCount "107"]
[EventDate "2019.??.??"]
[WhiteTeam "Echiquier Marseillais 1872"]
[BlackTeam "Cercle d'Echecs Aubagnais"]

1. e4 c5 2. Nf3 Nc6 3. Bc4 e6 4. d3 Nf6 5. O-O Qc7 6. Re1 Bd6 7. h3 Ne5 8. Bb3
O-O 9. Bg5 Be7 10. Bf4 Nxf3+ 11. Qxf3 d6 12. e5 Nd7 13. Qg3 dxe5 14. Bh6 Bf6
15. Nc3 Re8 16. Ne4 g6 17. Nxf6+ Nxf6 18. Rxe5 Nh5 19. Qe3 b6 20. Qe1 Qd6 21.
g4 Nf6 22. Qc3 Qd4 23. Qxd4 cxd4 24. Rae1 Bd7 25. g5 Nh5 26. R5e4 Rac8 27. Rxd4
Re7 28. h4 Rce8 29. Rde4 Rc8 30. c4 Rc5 31. d4 Rf5 32. d5 e5 33. R1e3 Nf4 34.
f3 Nh3+ 35. Kf1 Rf4 36. Rxe5 Rxe5 37. Rxe5 Rxf3+ 38. Kg2 Rf2+ 39. Kg3 Rd2 40.
Re7 Rd3+ 41. Kg2 Nf4+ 42. Kf2 Nh3+ 43. Ke1 Rg3 44. Rxd7 Rg1+ 45. Kd2 Rg2+ 46.
Kc3 Rg3+ 47. Kb4 f6 48. Rg7+ Kf8 49. Rxa7+ Ke8 50. gxf6 Rf3 51. Bg7 Kd8 52. Rb7
Nf2 53. f7 Rxf7 54. Rxf7 1-0

[Event "OPEN D'AUBAGNE"]
[Site "SALLE LAKANAL AUBAGNE"]
[Date "2019.09.02"]
[Round "7.21"]
[White "Frontera, Pierre"]
[Black "Masson, Wally"]
[Result "1-0"]
[WhiteElo "1262"]
[BlackElo "1147"]
[PlyCount "91"]
[EventDate "2019.??.??"]
[WhiteTeam "Cercle d'Echecs Aubagnais"]
[BlackTeam "Cercle d'Echecs Aubagnais"]

1. e4 e5 2. Nc3 Nf6 3. Nf3 Nc6 4. d3 Bb4 5. Bd2 d5 6. a3 Bxc3 7. bxc3 O-O 8.
Be2 dxe4 9. Ng5 h6 10. Nxe4 Nxe4 11. dxe4 b6 12. O-O Bb7 13. Rb1 Ne7 14. f3 Qd6
15. Qc1 Rad8 16. Be3 Ng6 17. Rd1 Qf6 18. g3 a6 19. Rf1 b5 20. Bd3 Qc6 21. Qe1
Bc8 22. Rb4 Bh3 23. Rf2 Nh4 24. gxh4 Qg6+ 25. Kh1 Rd6 26. Bc5 Rf6 27. Bxf8 Kxf8
28. Be2 Rf4 29. Qg1 Qh5 30. Qg3 Rxh4 31. a4 c6 32. axb5 axb5 33. c4 bxc4 34.
Rxc4 Bd7 35. Rc5 f6 36. Rg2 Qg5 37. Qf2 Qf4 38. Qg3 g5 39. Qxf4 gxf4 40. Rf2
Ke7 41. c4 Kd6 42. Ra5 Be6 43. Rf1 c5 44. Rd1+ Kc6 45. Ra6+ Kb7 46. Rxe6 1-0

[Event "OPEN D'AUBAGNE"]
[Site "SALLE LAKANAL AUBAGNE"]
[Date "2019.09.02"]
[Round "7.22"]
[White "Friche, Timeo"]
[Black "Labriaud, Gilles"]
[Result "0-1"]
[WhiteElo "1009"]
[BlackElo "1260"]
[PlyCount "90"]
[EventDate "2019.??.??"]
[WhiteTeam "La Ciotat Echecs (LCE)"]
[BlackTeam "La Ciotat Echecs (LCE)"]

1. e4 e5 2. Nf3 d6 3. d4 exd4 4. Nxd4 Nf6 5. Nc3 Be7 6. Bc4 O-O 7. O-O Nxe4 8.
Nxe4 d5 9. Bd3 dxe4 10. Bxe4 Bf6 11. Be3 Re8 12. Bf3 c6 13. b4 Nd7 14. Bf4 Nf8
15. c3 Be6 16. Nxc6 bxc6 17. Bxc6 Bxc3 18. Rc1 Bxb4 19. Bxe8 Qxd1 20. Rfxd1
Rxe8 21. Bd6 Bxd6 22. Rxd6 Bxa2 23. Ra6 Be6 24. Rxa7 Rd8 25. h3 h5 26. Ra4 Kh7
27. Rc5 g6 28. Rh4 Kh6 29. g4 Rd1+ 30. Kg2 Bd5+ 31. f3 Ne6 32. Rb5 Ng5 33. gxh5
Bxf3+ 34. Kg3 Bxh5 35. Rb7 Rd3+ 36. Kf4 f5 37. Rf7 Nf3 38. Rxh5+ gxh5 39. Kxf5
Nh4+ 40. Kf6 Rxh3 41. Rg7 Rf3+ 42. Ke5 Kxg7 43. Ke4 Rf8 44. Ke3 Ng2+ 45. Ke4 h4
0-1

[Event "OPEN D'AUBAGNE"]
[Site "SALLE LAKANAL AUBAGNE"]
[Date "2019.09.02"]
[Round "7.23"]
[White "Pouliquen, Gilbert"]
[Black "Pegon, Claude"]
[Result "1-0"]
[WhiteElo "1276"]
[BlackElo "1059"]
[PlyCount "69"]
[EventDate "2019.??.??"]
[WhiteTeam "Echiquier Marseillais 1872"]
[BlackTeam "Cassis Echecs"]

1. d4 d5 2. c4 c6 3. Nf3 Nf6 4. g3 g6 5. Bg2 Bg7 6. O-O O-O 7. Nc3 Nbd7 8. Re1
a6 9. a4 Nb6 10. c5 Nbd7 11. a5 Re8 12. e4 e5 13. exd5 Nxd5 14. Nxd5 cxd5 15.
dxe5 Nxc5 16. b4 Ne6 17. Rb1 b5 18. axb6 Rb8 19. Be3 Bb7 20. Nd4 Bxe5 21. Nxe6
fxe6 22. Bc5 Bd6 23. Be3 Qd7 24. Qd2 Rbc8 25. Rec1 Rc4 26. Rxc4 dxc4 27. Bxb7
Qxb7 28. Qxd6 Qc8 29. Qc5 e5 30. Rc1 Qe6 31. Rxc4 Rf8 32. b7 Rb8 33. Qc8+ Qxc8
34. Rxc8+ Rxc8 35. bxc8=Q+ 1-0

[Event "OPEN D'AUBAGNE"]
[Site "SALLE LAKANAL AUBAGNE"]
[Date "2019.09.02"]
[Round "7.25"]
[White "Pietrac, Christian"]
[Black "Boudet, Nicole"]
[Result "0-1"]
[WhiteElo "1258"]
[BlackElo "1048"]
[PlyCount "54"]
[EventDate "2019.??.??"]
[WhiteTeam "Club d'Echecs de Miramas"]
[BlackTeam "Cercle d'Echecs Aubagnais"]

1. Nf3 Nc6 2. g3 d5 3. Bg2 Nf6 4. d3 e5 5. O-O Be7 6. Nbd2 O-O 7. e4 d4 8. Nc4
Bg4 9. h3 Bh5 10. g4 Nxg4 11. hxg4 Bxg4 12. a3 b5 13. Ncd2 f5 14. Qe1 f4 15.
Nh2 Qd7 16. f3 Bh3 17. Qe2 Rf6 18. Ng4 Bxg4 19. fxg4 Rg6 20. Bh3 h5 21. Kh2
hxg4 22. Rg1 Kf7 23. Rxg4 Rh8 24. Qg2 Rxg4 25. Qf1 Rg3 26. Nf3 Rhxh3+ 27. Qxh3
Qxh3# 0-1

[Event "OPEN D'AUBAGNE"]
[Site "SALLE LAKANAL AUBAGNE"]
[Date "2019.09.02"]
[Round "7.27"]
[White "Manus, Renaud"]
[Black "Innocenti, Georges"]
[Result "1-0"]
[WhiteElo "1199"]
[BlackElo "1122"]
[PlyCount "79"]
[EventDate "2019.??.??"]
[WhiteTeam "Club Provence Echecs"]
[BlackTeam "Cercle d'Echecs Aubagnais"]

1. d4 d5 2. Bf4 e6 3. e3 Nf6 4. h3 Bd6 5. Bxd6 Qxd6 6. Nf3 Nbd7 7. Bd3 h6 8. c3
O-O 9. Nbd2 e5 10. dxe5 Nxe5 11. Bc2 Nxf3+ 12. Qxf3 Re8 13. O-O-O c6 14. Rhe1
b6 15. Nb3 Qc7 16. Nd4 Bd7 17. g4 c5 18. Nf5 Bxf5 19. Qxf5 Qc8 20. Qf4 Qb8 21.
Qf3 Qb7 22. h4 Ne4 23. Qg2 Rad8 24. f3 Nd6 25. h5 f6 26. Qf1 Nc4 27. Qd3 Qf7
28. Qh7+ Kf8 29. Bg6 Qe6 30. Bxe8 Qxe8 31. Qh8+ Kf7 32. Qxe8+ Rxe8 33. Rxd5
Nxe3 34. Rd7+ Kf8 35. Rxa7 Nd5 36. Rxe8+ Kxe8 37. Rxg7 Kf8 38. Rd7 Ne7 39. Rd6
Nc8 40. Rd8+ 1-0

[Event "OPEN D'AUBAGNE"]
[Site "SALLE LAKANAL AUBAGNE"]
[Date "2019.09.02"]
[Round "7.28"]
[White "Puertolas, Alain"]
[Black "Rocchia, Alex"]
[Result "0-1"]
[WhiteElo "1199"]
[BlackElo "1314"]
[PlyCount "110"]
[EventDate "2019.??.??"]
[WhiteTeam "Cercle d'Echecs Aubagnais"]
[BlackTeam "Cercle d'Echecs Aubagnais"]

1. d4 Nf6 2. Nf3 c5 3. Nc3 cxd4 4. Nxd4 d5 5. Bf4 e6 6. e3 g6 7. Ncb5 Qa5+ 8.
c3 Kd7 9. Nc7 a6 10. Nxa8 Bg7 11. Bxb8 Ke7 12. Be5 Bd7 13. Qb3 Rxa8 14. Qxb7
Rc8 15. Bxa6 Ke8 16. O-O Kf8 17. Bb5 Rd8 18. Bd6+ Kg8 19. Nc6 Bxc6 20. Bxc6
Rxd6 21. Qe7 Rxc6 22. Qb7 Rb6 23. Qc8+ Bf8 24. Qd8 Kg7 25. Rac1 Qb5 26. c4 dxc4
27. a4 Qb4 28. e4 Nxe4 29. Rcd1 Qxb2 30. Qd4+ Qxd4 31. Rxd4 Nc3 32. Rxc4 Nd5
33. a5 Ra6 34. f4 Rxa5 35. f5 Ne3 36. f6+ Kg8 37. Rfc1 Nxc4 38. Rxc4 Rf5 39. h4
Rxf6 40. g4 Rf3 41. h5 Bh6 42. Kg2 Rf4 43. Rc8+ Kg7 44. Kg3 Rd4 45. Kh4 e5 46.
Rc6 Rf4 47. Rc5 e4 48. Kg3 e3 49. Re5 Rf6 50. g5 Bxg5 51. Kg4 Bh6 52. hxg6 hxg6
53. Re4 Re6 54. Kf3 Rxe4 55. Kxe4 e2 0-1

[Event "OPEN D'AUBAGNE"]
[Site "SALLE LAKANAL AUBAGNE"]
[Date "2019.09.02"]
[Round "7.29"]
[White "Morata, Serge"]
[Black "Salvi, Angele"]
[Result "1-0"]
[WhiteElo "1278"]
[BlackElo "1072"]
[PlyCount "33"]
[EventDate "2019.??.??"]
[WhiteTeam "Cercle d'Echecs Aubagnais"]
[BlackTeam "La Ciotat Echecs (LCE)"]

1. e4 c5 2. Nf3 Nc6 3. d4 e6 4. d5 exd5 5. exd5 Qe7+ 6. Be2 Ne5 7. O-O d6 8.
Bb5+ Bd7 9. Bxd7+ Kxd7 10. Nxe5+ dxe5 11. c4 Qd6 12. Nc3 Qg6 13. Qa4+ Kc8 14.
Qe8+ Kc7 15. Qxa8 Be7 16. Nb5+ Kb6 17. Qxa7# 1-0